<?xml version="1.0" encoding="UTF-8"?>
<collection xmlns="http://www.loc.gov/MARC21/slim">
<record>
  <controlfield tag="001">251697</controlfield>
  <controlfield tag="005">20240928175010.0</controlfield>
  <datafield tag="035" ind1=" " ind2=" ">
    <subfield code="a">G:(GEPRIS)224063866</subfield>
  </datafield>
  <datafield tag="024" ind1="7" ind2=" ">
    <subfield code="a">G:(GEPRIS)224063866</subfield>
    <subfield code="d">224063866</subfield>
  </datafield>
  <datafield tag="040" ind1=" " ind2=" ">
    <subfield code="a">GEPRIS</subfield>
    <subfield code="c">http://gepris.its.kfa-juelich.de</subfield>
  </datafield>
  <datafield tag="150" ind1=" " ind2=" ">
    <subfield code="a">Zentrale Einrichtung für genetisch modifizierte Schweine-Linien (Z03)</subfield>
    <subfield code="y">2012 - 2024</subfield>
  </datafield>
  <datafield tag="371" ind1=" " ind2=" ">
    <subfield code="a">Professor Dr. Franz-Josef Kaup</subfield>
  </datafield>
  <datafield tag="371" ind1=" " ind2=" ">
    <subfield code="a">Dr. Barbara Keßler</subfield>
  </datafield>
  <datafield tag="371" ind1=" " ind2=" ">
    <subfield code="a">Professor Dr. Wilfried A. Kues</subfield>
  </datafield>
  <datafield tag="371" ind1=" " ind2=" ">
    <subfield code="a">Dr. Andrea Lucas-Hahn</subfield>
  </datafield>
  <datafield tag="371" ind1=" " ind2=" ">
    <subfield code="a">Professor Dr. Heiner Niemann</subfield>
  </datafield>
  <datafield tag="371" ind1=" " ind2=" ">
    <subfield code="a">Dr. Björn Petersen</subfield>
  </datafield>
  <datafield tag="371" ind1=" " ind2=" ">
    <subfield code="a">Professorin Dr. Angelika Schnieke</subfield>
  </datafield>
  <datafield tag="371" ind1=" " ind2=" ">
    <subfield code="a">Professor Dr. Eckhard Wolf</subfield>
  </datafield>
  <datafield tag="450" ind1=" " ind2=" ">
    <subfield code="a">DFG project G:(GEPRIS)224063866</subfield>
    <subfield code="w">d</subfield>
    <subfield code="y">2012 - 2024</subfield>
  </datafield>
  <datafield tag="510" ind1="1" ind2=" ">
    <subfield code="a">Deutsche Forschungsgemeinschaft</subfield>
    <subfield code="0">I:(DE-588b)2007744-0</subfield>
    <subfield code="b">DFG</subfield>
  </datafield>
  <datafield tag="550" ind1=" " ind2=" ">
    <subfield code="0">G:(GEPRIS)213602983</subfield>
    <subfield code="a">TRR 127: Biologie der xenogenen Zell- und Organtransplantation - vom Labor in die Klinik</subfield>
    <subfield code="w">t</subfield>
  </datafield>
  <datafield tag="680" ind1=" " ind2=" ">
    <subfield code="a">Ziel dieses Projekts ist es, genetisch mehrfach-modifizierte (GM) Spenderschweine (ursprünglich in den Projekten B1&amp;2 und B3 generiert und charakterisiert) für präklinische Experimente zu generieren. GM Schweine wurden den Projektgruppen A und C für Grundlagenstudien bzw. für präklinische xenogene Inselzell-, Herzklappen- und Herz-Transplantationen zur Verfügung gestellt. Inzwischen ist das Centre for Innovative Medical Models (CiMM) an der LMU München mit hohem Hygienestandard (frei von PCMV und HEV) fertiggestellt und die GM Linien für die Xenotransplantation wurden über Embryonentransfer eingeschleust. PERV-C freie Spenderschweine wurden identifiziert und über Zucht propagiert. Zudem wurden Auckland Island Schweine eingeschleust und stehen als Spender von Pankreasinseln zur Verfügung. Auf der Basis des insgesamt sehr hohen Hygienestandards und in Zusammenarbeit mit Z2 wird eine Pipeline zur Generierung von designiert pathogenfreien (DPF) Spenderschweinen von Geweben und Organen für klinische Xenotransplantationsstudien etabliert.</subfield>
  </datafield>
  <datafield tag="909" ind1="C" ind2="O">
    <subfield code="o">oai:juser.fz-juelich.de:918299</subfield>
    <subfield code="p">authority:GRANT</subfield>
    <subfield code="p">authority</subfield>
  </datafield>
  <datafield tag="980" ind1=" " ind2=" ">
    <subfield code="a">G</subfield>
  </datafield>
  <datafield tag="980" ind1=" " ind2=" ">
    <subfield code="a">AUTHORITY</subfield>
  </datafield>
  <datafield tag="909" ind1="C" ind2="O">
    <subfield code="o">oai:juser.fz-juelich.de:918299</subfield>
  </datafield>
</record>
</collection>